000 00295nam a22001217a 4500
003 SGT
020 _a9384266914
100 _aMARATHA, SUSHMA
245 _aHUMAN ANATOMY & PHYSIOLOGY EXPERIMENTAL MANUAL
260 _aBIRLA, PUB.
_bDELHI
_c2022
650 _a ANATOMY, PHYSIOLOGY
942 _2ddc
_cBK
999 _c24742
_d24742